| 000 | 00810cad a22001935a 4500 | ||
|---|---|---|---|
| 001 | L157296 | ||
| 008 | 121012e20120218xxk f 000 0 eng d | ||
| 035 | _a(Sirsi) u157296 | ||
| 041 | 0 | _aeng | |
| 110 | 2 |
_aCivil Engineering Contractors Association _93765 |
|
| 245 | 0 | 0 |
_aWorkload trends survey _bQ1 2012 _h[electronic resource] |
| 260 | _c2012 | ||
| 520 | _aResults of a CECA survey include an overview, trends in workload, trends in orders and future expectations, trends in employment, and trends in costs, tender prices and supply constraints. | ||
| 590 | _aKA NTK | ||
| 651 | 4 |
_aUnited Kingdom _y |
|
| 690 |
_aConstruction management _96230 |
||
| 856 | 4 | 0 |
_uhttps://www.cnplus.co.uk/Journals/2012/05/04/i/s/y/CECA-2012-Q1.pdf _zView a summary of the item free of charge at www.cnplus.co.uk |
| 942 | _n0 | ||
| 999 |
_c114706 _d114706 |
||